Alle Länder der Welt auf Schwiizerdütsch - Statistiken

Allgemein
  • Dieses Quiz wurde 13 mal gespielt
    12 seit der letzten Aktualisierung
  • Das Durchschnittsergebnis liegt bei 27 aus 196
Antworten auf der Karte
Die Antworten werden auf der Karte rot bzw. grün angezeigt, abhängig davon wie oft sie richtig erraten wurden.
 
Antwortstatistiken
Antwort % Korrekt
Vereinigti Staate vo Amerika
91%
Kanada
73%
Schwiiz
73%
Dütschland
64%
Mexiko
55%
Dänemark
45%
Niederlande
45%
Belgie
36%
Finnland
36%
Irland
36%
Island
36%
Italie
36%
Luxemburg
36%
Norwege
36%
Schwede
36%
Spanie
36%
Algerie
27%
Argentinie
27%
Belarus / Wiisrussland
27%
Bolivie
27%
Brasilie
27%
Bulgarie
27%
Chile
27%
Estland
27%
Frankriich
27%
Grossbritannie
27%
Guatemala
27%
Honduras
27%
Kolumbie
27%
Lettland
27%
Liechtenstei
27%
Malta
27%
Marokko
27%
Panama
27%
Peru
27%
Pole
27%
Portugal
27%
Rumänie
27%
Russland
27%
Slowakei
27%
Tschechischi Republik
27%
Tunesie
27%
Türkei
27%
Ukraine
27%
Albanie
18%
Antigua und Barbuda
18%
Bahamas
18%
Barbados
18%
Belize
18%
Bosnie und Herzegowina
18%
China
18%
Costa Rica
18%
Dominica
18%
Ecuador
18%
El Salvador
18%
Grenada
18%
Griecheland
18%
Guyana
18%
Haiti
18%
Iran
18%
Jamaika
18%
Japan
18%
Kosovo
18%
Kroatie
18%
Kuba
18%
Libye
18%
Litaue
18%
Mongolei
18%
Nicaragua
18%
Nordkorea
18%
NordMazedonie
18%
Paraguay
18%
Sankt Kitts und Nevis
18%
Sankt Lucia
18%
Sankt Vincent and d'Grenadine
18%
San Marino
18%
Serbie
18%
Slowenie
18%
Südkorea
18%
Surinam
18%
Trinidad und Tobago
18%
Ungarn
18%
Uruguay
18%
Vatikanstadt
18%
Venezuela
18%
Afghanischtan
9%
Ägypte
9%
Andorra
9%
Armenie
9%
Aserbaidschan
9%
Australie
9%
Benin
9%
Burkina Faso
9%
Demokratischi Republik Kongo
9%
Dominikanischi Republik
9%
Gambia
9%
Georgie
9%
Ghana
9%
Guinea
9%
Guinea-Bissau
9%
Irak
9%
Kamerun
9%
Kap Verde
9%
Kasachschtan
9%
Liberia
9%
Mali
9%
Mauretanie
9%
Moldawie
9%
Monaco
9%
Montenegro
9%
Neuseeland
9%
Niger
9%
Nigeria
9%
Öschtriich
9%
Pakischtan
9%
Republik Kongo
9%
São Tomé und Príncipe
9%
Senegal
9%
Sierra Leone
9%
Südafrika
9%
Sudan
9%
Süd Sudan
9%
Taiwan
9%
Togo
9%
Tschad
9%
Usbekischtan
9%
Zypere
9%
Angola
0%
Äquatorial Guinea
0%
Äthiopie
0%
Bahrain
0%
Bangladesch
0%
Bhutan
0%
Botsuana
0%
Brunei
0%
Burundi
0%
Dschibuti
0%
Elfebeichüschte
0%
Eritrea
0%
Eswatini
0%
Fidschi
0%
Föderierti Staate vo Mikronesie
0%
Gabun
0%
Indie
0%
Indonesie
0%
Israel
0%
Jemen
0%
Jordanie
0%
Kambodscha
0%
Katar
0%
Kenia
0%
Kirgisischtan
0%
Kiribati
0%
Komore
0%
Kuwait
0%
Laos
0%
Lesotho
0%
Libanon
0%
Madagaskar
0%
Malawi
0%
Malaysia
0%
Maledive
0%
Marschall Insle
0%
Mauritius
0%
Mosambik
0%
Myanmar
0%
Namibie
0%
Nauru
0%
Nepal
0%
Oman
0%
Oschttimor
0%
Palau
0%
Papua Neu Guinea
0%
Philippine
0%
Ruanda
0%
Salomone
0%
Sambia
0%
Samoa
0%
Saudi Arabie
0%
Seychelle
0%
Simbabwe
0%
Singapur
0%
Somalia
0%
Sri Lanka
0%
Syrie
0%
Tadschikischtan
0%
Tansania
0%
Thailand
0%
Tonga
0%
Turkmenischtan
0%
Tuvalu
0%
Uganda
0%
Vanuatu
0%
Vereinigti Arabischi Emirate
0%
Vietnam
0%
Zentralafrikanischi Republik
0%
Keine übereinstimmenden Quizze gefunden
Verteilung der Resultate
Anzahl Personen mit jedem Resultat
Perzentil nach korrekt beantworteten Fragen
Ihre Resultats-Entwicklung
Sie haben dieses Quiz seit der letzten Aktualisierung nicht gespielt